| 000 | 01010nam a2200205Ia 4500 | ||
|---|---|---|---|
| 999 |
_c9378 _d9378 |
||
| 020 | _a978818274927 | ||
| 082 |
_a327.0951 _bCHI- |
||
| 245 | 0 |
_aChina and the BRICS _b:setting up a different kitchen |
|
| 260 |
_aNew Delhi _bPentagon Press _c2017 |
||
| 300 | _alxiii, 303p. | ||
| 504 | _aincludes appendex and index | ||
| 520 | _aBRICS initiative is gathering momentum in global affairs impacting on the global and regional orders. As a trans-continental, inter-governmental, consultative and multilateral emerging nations grouping, the BRICS agenda proved to be extensive, cooperative and all-around in nature touching upon issues of global and regional, traditional and non-traditional security issues, financial, monetary and market-related aspects. | ||
| 650 | _aInternational Relations | ||
| 650 | _aChina-Russia relations | ||
| 650 |
_aChina-Brazil relations _zForeign relations |
||
| 650 | _aChina-India relations | ||
| 700 | _aKondpalli ,Srikanth | ||
| 700 | _aPandit, Priyanka | ||
| 942 |
_cBK _2ddc |
||